[Event "SERBIA CHESS OPEN 2021 - MASTERS"]
[Site "Belgrade, Hotel Metropol"]
[Date "2021.07.02"]
[Round "1.53"]
[White "Arnaudov, G. Petar"]
[Black "Antova, Gabriela"]
[Result "1-0"]
[WhiteElo "2471"]
[BlackElo "2241"]
[PlyCount "84"]
[EventDate "2021.??.??"]

1. Nf3 d5 2. c4 c6 3. g3 Nf6 4. Bg2 Bg4 5. Ne5 Be6 6. cxd5 Bxd5 7. Nf3 c5 8.
Nc3 Bc6 9. O-O e6 10. Re1 Nbd7 11. e4 c4 12. b3 cxb3 13. Bb2 Bb4 14. Qxb3 a5
15. Qc2 O-O 16. a3 Be7 17. d4 b5 18. d5 exd5 19. e5 Ng4 20. h3 d4 21. hxg4 dxc3
22. Qxc3 Rc8 23. e6 Bf6 24. e7 Bxc3 25. exd8=Q Rfxd8 26. Bxc3 Bxf3 27. Bxa5
Bxg2 28. Bxd8 Bf3 29. Re8+ Nf8 30. Rae1 f6 31. Ba5 Rxe8 32. Rxe8 Kf7 33. Rb8
Be2 34. Rb7+ Kg8 35. f4 Ne6 36. Kf2 Bc4 37. f5 Ng5 38. Rb8+ Kf7 39. Bb4 g6 40.
Rb7+ Kg8 41. Ke3 Nf7 42. Rb8+ Kg7 1-0

[Event "SERBIA CHESS OPEN 2021 - MASTERS"]
[Site "Belgrade, Hotel Metropol"]
[Date "2021.07.02"]
[Round "1.54"]
[White "Spiric, Igor"]
[Black "Gavrilescu, David"]
[Result "0-1"]
[WhiteElo "2241"]
[BlackElo "2470"]
[PlyCount "82"]
[EventDate "2021.??.??"]

1. Nf3 d5 2. b3 Nf6 3. Bb2 Bf5 4. d3 h6 5. Nbd2 e6 6. g3 Be7 7. Bg2 O-O 8. O-O
a5 9. a4 Na6 10. Ne5 Bh7 11. e4 Nb4 12. c3 Na6 13. exd5 exd5 14. d4 c6 15. f4
Bd6 16. g4 Nd7 17. Nxd7 Qxd7 18. f5 Rae8 19. Nf3 g5 20. Ne5 Qc7 21. c4 f6 22.
Nd3 dxc4 23. bxc4 Bxh2+ 24. Kh1 Kg7 25. Qd2 Bg8 26. Ne5 fxe5 27. f6+ Rxf6 28.
Rxf6 Kxf6 29. dxe5+ Bxe5 30. Re1 Nb8 31. Qf2+ Kg7 32. Rxe5 Rxe5 33. Qf5 Nd7 34.
c5 Bd5 35. Bxd5 cxd5 36. Bd4 Kg8 37. Qg6+ Kf8 38. Qxh6+ Ke7 39. Qg7+ Kd8 40.
Qg8+ Re8 41. Qxg5+ Kc8 0-1

[Event "SERBIA CHESS OPEN 2021 - MASTERS"]
[Site "Belgrade, Hotel Metropol"]
[Date "2021.07.02"]
[Round "1.55"]
[White "Gokerkan, Cem Kaan"]
[Black "Zhukenov, Aituar"]
[Result "1-0"]
[WhiteElo "2470"]
[BlackElo "2241"]
[PlyCount "75"]
[EventDate "2021.??.??"]

1. e4 c5 2. Nf3 d6 3. d4 cxd4 4. Nxd4 Nf6 5. Nc3 Nc6 6. Bg5 e6 7. Qd2 a6 8.
O-O-O Bd7 9. f4 Be7 10. Nf3 b5 11. Bxf6 gxf6 12. f5 Qb6 13. Kb1 O-O-O 14. Qh6
Kb8 15. Qh5 Be8 16. g3 Qc5 17. Ne2 Ne5 18. Nf4 Bc6 19. Nd2 d5 20. Nb3 Qf2 21.
exd5 Bxd5 22. Nxd5 Rxd5 23. Rxd5 exd5 24. Qe2 Qxf5 25. Bg2 Rd8 26. Rd1 Qg4 27.
Qf1 Qc4 28. Qf2 d4 29. c3 Qc8 30. cxd4 Qg4 31. Rc1 Nd3 32. Qe3 Nxc1 33. Qxe7
Qf5+ 34. Kxc1 Qc8+ 35. Kd2 Rd7 36. Qxf6 Qc4 37. Qb6+ Kc8 38. Bh3 1-0

[Event "SERBIA CHESS OPEN 2021 - MASTERS"]
[Site "Belgrade, Hotel Metropol"]
[Date "2021.07.02"]
[Round "1.56"]
[White "Maksimenko, Viktor"]
[Black "Gharibyan, Mamikon"]
[Result "0-1"]
[WhiteElo "2239"]
[BlackElo "2464"]
[PlyCount "84"]
[EventDate "2021.??.??"]

1. Nf3 Nf6 2. g3 d5 3. Bg2 c6 4. d3 Bg4 5. h3 Bh5 6. O-O e6 7. Qe1 Be7 8. Nbd2
O-O 9. e4 Nbd7 10. e5 Ne8 11. Nh2 Nc7 12. f4 Bg6 13. Kh1 h6 14. Ndf3 c5 15. Qf2
b5 16. g4 b4 17. h4 h5 18. Bh3 hxg4 19. Nxg4 Kh7 20. Ng5+ Bxg5 21. fxg5 Rh8 22.
Bf4 Kg8 23. a3 b3 24. cxb3 Rb8 25. b4 cxb4 26. d4 bxa3 27. Rxa3 Nb5 28. Rb3 Qa5
29. Bd2 Qa4 30. Rb4 Qc2 31. Rc1 Qd3 32. Bg2 a5 33. Ra4 Nb6 34. Rxa5 Nc4 35.
Rxb5 Rxb5 36. Be3 Bf5 37. Nh2 Qxe3 38. Qxe3 Nxe3 39. Nf3 Be4 40. Kh2 Bxf3 41.
Bxf3 Rxh4+ 42. Kg3 Nf5+ 0-1

[Event "SERBIA CHESS OPEN 2021 - MASTERS"]
[Site "Belgrade, Hotel Metropol"]
[Date "2021.07.02"]
[Round "1.57"]
[White "Muradli, Mahammad"]
[Black "Gombocz, Ferenc Jr"]
[Result "1-0"]
[WhiteElo "2461"]
[BlackElo "2236"]
[PlyCount "71"]
[EventDate "2021.??.??"]

1. d4 d5 2. c4 c6 3. Nc3 Nf6 4. Nf3 a6 5. e3 Bf5 6. Ne5 Nbd7 7. Qb3 Qc7 8. cxd5
Nxe5 9. dxe5 Nxd5 10. Bc4 e6 11. e4 Nxc3 12. exf5 Nd5 13. Bxd5 cxd5 14. O-O Qd7
15. Bf4 Be7 16. Qg3 g6 17. Rac1 b6 18. f6 Bc5 19. Be3 Qb5 20. b4 Bxe3 21. Qxe3
Kd7 22. Qd4 Rab8 23. Rc3 Rhc8 24. Rfc1 h5 25. h3 Rxc3 26. Qxc3 Qc4 27. Qb2 Qb5
28. a4 Qd3 29. b5 Rc8 30. Rxc8 Kxc8 31. Qb4 axb5 32. Qf8+ Kb7 33. Qxf7+ Ka6 34.
Qe8 Qd1+ 35. Kh2 Qxa4 36. Qa8# 1-0

[Event "SERBIA CHESS OPEN 2021 - MASTERS"]
[Site "Belgrade, Hotel Metropol"]
[Date "2021.07.02"]
[Round "1.58"]
[White "Ravic, Nenad"]
[Black "Diermair, Andreas"]
[Result "0-1"]
[WhiteElo "2235"]
[BlackElo "2455"]
[PlyCount "90"]
[EventDate "2021.??.??"]

1. e4 c6 2. d4 d5 3. e5 c5 4. dxc5 e6 5. Nf3 Bxc5 6. Bd3 f6 7. O-O Nc6 8. Re1
fxe5 9. Nxe5 Nxe5 10. Rxe5 Bxf2+ 11. Kh1 Nf6 12. Bb5+ Kf7 13. Nd2 Rf8 14. Nf3
Kg8 15. Qe2 Bb6 16. Ng5 h6 17. Nxe6 Bxe6 18. Rxe6 Ne4 19. Be3 Qh4 20. Rxe4 Qxe4
21. Bxb6 axb6 22. Qd2 Rad8 23. Re1 Qh4 24. g3 Qf6 25. b3 Qf2 26. Qd1 Qc5 27. a4
Rf2 28. Bd3 Rdf8 29. Re5 Qc8 30. g4 Qc7 31. Qe1 Rxh2+ 32. Kg1 Rhf2 33. Bf5 Rf3
34. Kg2 Rc3 35. Rxd5 Rxc2+ 36. Bxc2 Qxc2+ 37. Rd2 Qxb3 38. Qe4 Qf7 39. Kg3 Qc7+
40. Kh3 Qc6 41. Re2 Rf3+ 42. Kh2 Qd6+ 43. Kg1 Rf4 44. Qg2 Qd4+ 45. Kh2 Rxg4 0-1

[Event "SERBIA CHESS OPEN 2021 - MASTERS"]
[Site "Belgrade, Hotel Metropol"]
[Date "2021.07.02"]
[Round "1.59"]
[White "Kilgus, Georg"]
[Black "Thorsbro, Peter"]
[Result "1-0"]
[WhiteElo "2452"]
[BlackElo "2233"]
[PlyCount "59"]
[EventDate "2021.??.??"]

1. e4 e5 2. Nf3 Nc6 3. Bc4 Nf6 4. d3 Bc5 5. O-O d6 6. c3 O-O 7. Nbd2 a6 8. a4
Ba7 9. b4 Ne7 10. Re1 Ng6 11. Nf1 Qe7 12. h3 Be6 13. Bxe6 fxe6 14. Ra2 Kh8 15.
Ng3 Nd7 16. d4 Nh4 17. Nxh4 Qxh4 18. Be3 exd4 19. cxd4 d5 20. Qc1 Qd8 21. Bg5
Qc8 22. exd5 exd5 23. Be7 Rf7 24. Bc5 b6 25. Be7 c5 26. Qg5 Qb7 27. Nf5 Nf6 28.
Bxf6 gxf6 29. Qh5 Qd7 30. Rae2 1-0

[Event "SERBIA CHESS OPEN 2021 - MASTERS"]
[Site "Belgrade, Hotel Metropol"]
[Date "2021.07.02"]
[Round "1.60"]
[White "Miszler, Levente"]
[Black "Boskovic, Drasko"]
[Result "0-1"]
[WhiteElo "2231"]
[BlackElo "2451"]
[PlyCount "106"]
[EventDate "2021.??.??"]

1. Nf3 Nf6 2. c4 g6 3. g3 Bg7 4. Bg2 c6 5. O-O d5 6. d4 O-O 7. cxd5 cxd5 8. Nc3
e6 9. Bf4 Nc6 10. Ne5 Bd7 11. Rc1 Rc8 12. Qd2 Nxe5 13. Bxe5 Ne8 14. e4 dxe4 15.
Nxe4 Rxc1 16. Rxc1 Bc6 17. Qb4 f6 18. Bf4 g5 19. Be3 Rf7 20. Qc4 Re7 21. Nc5
Bd5 22. Bxd5 Qxd5 23. Qxd5 exd5 24. Nd3 Nc7 25. Nc5 b6 26. Na4 Ne6 27. g4 f5
28. gxf5 Nxd4 29. Rd1 Nxf5 30. Rxd5 Nxe3 31. fxe3 Rxe3 32. Rd7 Re2 33. Rxa7 b5
34. Ra8+ Kf7 35. Nc3 Rxb2 36. Ne4 Bd4+ 37. Kf1 g4 38. Rd8 Be3 39. Rd7+ Kg6 40.
Rd6+ Kf5 41. Ng3+ Ke5 42. Rd7 Rxh2 43. Re7+ Kf4 44. Ne2+ Kf3 45. Rf7+ Ke4 46.
Nc3+ Kd3 47. Nxb5 g3 48. Rd7+ Kc4 49. Nd6+ Kb4 50. Rg7 Rf2+ 51. Ke1 Bd2+ 52.
Kd1 g2 53. Rg4+ Bf4 0-1

[Event "SERBIA CHESS OPEN 2021 - MASTERS"]
[Site "Belgrade, Hotel Metropol"]
[Date "2021.07.02"]
[Round "1.62"]
[White "Lever, Erwan"]
[Black "Schreiner, Peter"]
[Result "0-1"]
[WhiteElo "2231"]
[BlackElo "2441"]
[PlyCount "70"]
[EventDate "2021.??.??"]

1. d4 Nf6 2. c4 g6 3. Nc3 d5 4. Nf3 Bg7 5. Bf4 O-O 6. Rc1 dxc4 7. e3 c5 8. Bxc4
cxd4 9. Nxd4 Bd7 10. O-O Nc6 11. Nb3 Na5 12. Bd5 Nxd5 13. Nxd5 Be6 14. e4 Nc6
15. Bc7 Qe8 16. Nc5 Nd4 17. Nf4 Qb5 18. e5 Qxb2 19. Na4 Qb4 20. Kh1 Bxa2 21.
Nc3 Bb3 22. Qd2 Ne6 23. Nxe6 Bxe6 24. Rfe1 Rfc8 25. Re4 Qb3 26. Rd4 Qa3 27. Nd5
Bxd5 28. Rxd5 Qa6 29. Rd7 Qe6 30. f4 a5 31. Rd1 a4 32. Qb4 Bf8 33. Qxb7 a3 34.
Ba5 a2 35. Bc3 Rxc3 0-1

[Event "SERBIA CHESS OPEN 2021 - MASTERS"]
[Site "Belgrade, Hotel Metropol"]
[Date "2021.07.02"]
[Round "1.64"]
[White "Spasic, Petar"]
[Black "Aditya, Mittal"]
[Result "0-1"]
[WhiteElo "2227"]
[BlackElo "2438"]
[PlyCount "82"]
[EventDate "2021.??.??"]

1. e4 c5 2. c3 d5 3. exd5 Qxd5 4. d4 Nf6 5. Nf3 e6 6. Be2 Nc6 7. O-O Be7 8. Be3
cxd4 9. cxd4 O-O 10. Nc3 Qd6 11. a3 b6 12. Qc2 Bb7 13. Rac1 Rac8 14. Qb1 Rfd8
15. Rfd1 h6 16. Bf1 Qb8 17. Qa2 Ng4 18. h3 Nxe3 19. fxe3 Bd6 20. Rc2 Ne7 21.
Bd3 Nf5 22. Re2 Bxf3 23. gxf3 Bh2+ 24. Kh1 Ng3+ 25. Kg2 Nxe2 26. Nxe2 Bd6 27.
f4 Qb7+ 28. Kf2 Be7 29. Rg1 Bh4+ 30. Ng3 Rc7 31. Qb1 Rdc8 32. Qd1 Qd5 33. Qd2
f5 34. Rd1 g5 35. Qe2 gxf4 36. exf4 Rg7 37. Rg1 Qxd4+ 38. Kf3 e5 39. fxe5 Qxg1
40. Nxf5 Rf8 41. e6 Qd4 0-1

[Event "SERBIA CHESS OPEN 2021 - MASTERS"]
[Site "Belgrade, Hotel Metropol"]
[Date "2021.07.02"]
[Round "1.65"]
[White "Nikolovski, Nikola"]
[Black "Varshini, V."]
[Result "1/2-1/2"]
[WhiteElo "2438"]
[BlackElo "2226"]
[PlyCount "80"]
[EventDate "2021.??.??"]

1. e4 c5 2. Be2 d6 3. f4 Nf6 4. d3 Nc6 5. Nf3 e6 6. O-O Be7 7. Qe1 O-O 8. Nc3
Nd4 9. Bd1 Bd7 10. Nxd4 cxd4 11. Ne2 Qb6 12. Kh1 Rac8 13. h3 e5 14. Qf2 Rfe8
15. g4 Bc6 16. Kh2 Kh8 17. fxe5 dxe5 18. Ng3 Rf8 19. Nf5 Ng8 20. a4 Bd7 21.
Nxe7 Nxe7 22. b3 Be6 23. h4 Kg8 24. Ba3 Qc7 25. Qg3 f6 26. Rf2 Rf7 27. Bf3 Ng6
28. g5 fxg5 29. hxg5 Rf4 30. Rh1 Qf7 31. Kg2 Rc7 32. Bc1 Qe8 33. Bxf4 Nxf4+ 34.
Kg1 Qc8 35. Bd1 Rf7 36. Rh4 Qc3 37. Kf1 Qa1 38. Ke1 Qc3+ 39. Kf1 Qa1 40. Ke1
Qc3+ 1/2-1/2

[Event "SERBIA CHESS OPEN 2021 - MASTERS"]
[Site "Belgrade, Hotel Metropol"]
[Date "2021.07.02"]
[Round "1.66"]
[White "Blagojevic, Tijana"]
[Black "Mohammad, Nubairshah Shaikh"]
[Result "1/2-1/2"]
[WhiteElo "2222"]
[BlackElo "2436"]
[PlyCount "73"]
[EventDate "2021.??.??"]

1. e4 g6 2. d4 Bg7 3. Nf3 c6 4. Nc3 d6 5. a4 Nf6 6. Be2 O-O 7. O-O Nbd7 8. Bf4
Qc7 9. e5 Nh5 10. Bg5 dxe5 11. Bxe7 Re8 12. d5 Rxe7 13. d6 Qd8 14. dxe7 Qxe7
15. Ne4 Nb6 16. Qd6 Qe8 17. Rfe1 Bf5 18. Bf1 Rd8 19. Qa3 Bg4 20. Nd6 Qd7 21.
Nc4 Nxc4 22. Bxc4 Qf5 23. Qe7 Rd7 24. Qe8+ Bf8 25. Nxe5 Re7 26. Qb8 Nf4 27.
Nxg4 Qxg4 28. g3 Nh3+ 29. Kg2 Rxe1 30. Rxe1 Qxc4 31. Kxh3 Qxc2 32. Re8 Qf5+ 33.
Kg2 Qd5+ 34. Kf1 Qd3+ 35. Kg2 Qd5+ 36. Kf1 Qd3+ 37. Kg2 1/2-1/2

[Event "SERBIA CHESS OPEN 2021 - MASTERS"]
[Site "Belgrade, Hotel Metropol"]
[Date "2021.07.02"]
[Round "1.68"]
[White "Ojas, Kulkarni"]
[Black "Pap, Misa"]
[Result "1-0"]
[WhiteElo "2216"]
[BlackElo "2431"]
[PlyCount "57"]
[EventDate "2021.??.??"]

1. e4 e5 2. Nf3 Nc6 3. d4 exd4 4. Nxd4 Bc5 5. Nb3 Bb6 6. Nc3 h6 7. Qe2 d6 8.
Be3 Nf6 9. O-O-O Qe7 10. Kb1 O-O 11. Bxb6 axb6 12. f3 Be6 13. g4 Bxb3 14. cxb3
Qe5 15. Qd2 g5 16. h4 Ne7 17. Bc4 Ng6 18. Nb5 Rfc8 19. Nd4 b5 20. Nxb5 Kf8 21.
Nd4 Ne7 22. hxg5 hxg5 23. Nf5 Nxf5 24. exf5 Qf4 25. Qxf4 gxf4 26. g5 Ng8 27.
Rh7 d5 28. Rxd5 b5 29. Rxb5 1-0

[Event "SERBIA CHESS OPEN 2021 - MASTERS"]
[Site "Belgrade, Hotel Metropol"]
[Date "2021.07.02"]
[Round "1.69"]
[White "Ahmadzada, Ahmad"]
[Black "Papadopoulos, Panayotis"]
[Result "1-0"]
[WhiteElo "2431"]
[BlackElo "2216"]
[PlyCount "71"]
[EventDate "2021.??.??"]

1. e4 c5 2. Nf3 Nc6 3. Nc3 d6 4. d4 cxd4 5. Nxd4 e5 6. Nf3 Be7 7. Bc4 Be6 8.
Bb3 h6 9. O-O Nf6 10. Be3 O-O 11. Qe2 Bxb3 12. axb3 d5 13. Nxd5 Nxd5 14. Rfd1
Nd4 15. Nxd4 Nxe3 16. Nc6 Nxd1 17. Nxd8 Raxd8 18. Rxd1 Rxd1+ 19. Qxd1 Rd8 20.
Qe2 Bc5 21. g3 a5 22. Kg2 b6 23. f4 f6 24. Kf3 Re8 25. Qc4+ Kh7 26. Qd5 Re7 27.
c3 Re8 28. Kg4 Re7 29. h4 g6 30. h5 f5+ 31. Kf3 exf4 32. hxg6+ Kg7 33. Qxf5
fxg3 34. e5 b5 35. Kxg3 b4 36. Kg4 1-0

[Event "SERBIA CHESS OPEN 2021 - MASTERS"]
[Site "Belgrade, Hotel Metropol"]
[Date "2021.07.02"]
[Round "1.70"]
[White "Kostov, Deyan Samuil"]
[Black "Stukan, Martin"]
[Result "0-1"]
[WhiteElo "2215"]
[BlackElo "2431"]
[PlyCount "88"]
[EventDate "2021.??.??"]

1. d4 Nf6 2. c4 g6 3. Nc3 Bg7 4. e4 d6 5. Nf3 O-O 6. h3 e5 7. d5 Na6 8. Bg5 Qe8
9. g4 Nc5 10. Nd2 a5 11. Be2 Bd7 12. h4 c6 13. Be3 Qe7 14. g5 Ne8 15. Qc2 Nc7
16. O-O-O Rfb8 17. Bxc5 dxc5 18. Nb3 Qf8 19. h5 a4 20. Nd2 a3 21. b3 Qe7 22.
Nf3 Na6 23. Qd2 Nb4 24. Qe3 cxd5 25. Nxd5 Nxd5 26. Rxd5 Bc6 27. Rd2 Rd8 28.
Rhd1 b6 29. Rxd8+ Rxd8 30. Rxd8+ Qxd8 31. Qd3 Qa8 32. Nd2 Bf8 33. Qg3 Qd8 34.
Qe3 Be7 35. Nf3 Qd6 36. Bd3 Bd7 37. Kc2 Bg4 38. Ng1 Qd8 39. Qg3 Qd4 40. Qxg4
Qb2+ 41. Kd1 Qa1+ 42. Kd2 Qxa2+ 43. Bc2 Qb2 44. Qc8+ Bf8 0-1

[Event "SERBIA CHESS OPEN 2021 - MASTERS"]
[Site "Belgrade, Hotel Metropol"]
[Date "2021.07.02"]
[Round "1.71"]
[White "Sankalp, Gupta"]
[Black "Sharma, Isha"]
[Result "1/2-1/2"]
[WhiteElo "2429"]
[BlackElo "2213"]
[PlyCount "94"]
[EventDate "2021.??.??"]

1. c4 e5 2. Nc3 Bb4 3. g3 Bxc3 4. bxc3 Nf6 5. Bg2 c6 6. e4 d6 7. d3 O-O 8. Qb3
Na6 9. Ba3 Rb8 10. Nf3 Re8 11. O-O h6 12. Rfe1 c5 13. Qc2 Be6 14. Bc1 b5 15.
cxb5 Rxb5 16. h3 Qc8 17. Kh2 Nb8 18. Nd2 d5 19. exd5 Bxd5 20. Bxd5 Nxd5 21. Nc4
Qc7 22. Bd2 Nc6 23. Re2 Rbb8 24. Rae1 Re6 25. Bc1 Rd8 26. Ba3 Nb6 27. Nd2 Nd7
28. Ne4 Qa5 29. Bc1 Nf6 30. Nxf6+ Rxf6 31. f4 Rfd6 32. Re3 f6 33. Qb3+ Kh8 34.
Qc4 Rd5 35. a4 Qb6 36. Ba3 a6 37. Bc1 Qb8 38. R3e2 Rxd3 39. Qxc5 Qd6 40. Qc4
Qd5 41. Re4 Rd1 42. Qxd5 R8xd5 43. Rxd1 Rxd1 44. Rc4 Rxc1 45. Rxc6 Rc2+ 46. Kg1
e4 47. Kf1 a5 1/2-1/2

[Event "SERBIA CHESS OPEN 2021 - MASTERS"]
[Site "Belgrade, Hotel Metropol"]
[Date "2021.07.02"]
[Round "1.72"]
[White "Aleksic, Neven"]
[Black "Bharath, Subramaniyam H"]
[Result "0-1"]
[WhiteElo "2213"]
[BlackElo "2426"]
[PlyCount "56"]
[EventDate "2021.??.??"]

1. d4 Nf6 2. c4 e6 3. Nf3 c5 4. d5 exd5 5. cxd5 d6 6. Nc3 g6 7. Bf4 a6 8. a4
Bg7 9. e3 O-O 10. Be2 Qe7 11. Nd2 Nbd7 12. Nc4 Ne8 13. O-O Ne5 14. Nxe5 Bxe5
15. Bxe5 Qxe5 16. Qd2 f5 17. f4 Qe7 18. Bf3 Nf6 19. a5 Rb8 20. Rfe1 b5 21. axb6
Rxb6 22. e4 fxe4 23. Bxe4 Nxe4 24. Rxe4 Qf6 25. Qe2 Bf5 26. Rea4 Rfb8 27. R1a2
Rb4 28. Rxa6 Qd4+ 0-1

[Event "SERBIA CHESS OPEN 2021 - MASTERS"]
[Site "Belgrade, Hotel Metropol"]
[Date "2021.07.02"]
[Round "1.73"]
[White "Subelj, Jan"]
[Black "Stoinev, Metodi"]
[Result "0-1"]
[WhiteElo "2426"]
[BlackElo "2212"]
[PlyCount "96"]
[EventDate "2021.??.??"]

1. c4 Nf6 2. Nc3 c6 3. d4 d5 4. cxd5 cxd5 5. Bf4 Nc6 6. e3 a6 7. Be2 e6 8. Nf3
Be7 9. h3 Bd7 10. O-O O-O 11. Rc1 b5 12. Ne5 Rc8 13. Bd3 Na5 14. Qe2 Nc4 15. e4
b4 16. Nxd7 Qxd7 17. Nb1 a5 18. e5 Ne8 19. b3 Na3 20. Nxa3 bxa3 21. Rxc8 Qxc8
22. Rc1 Qb8 23. Qc2 g6 24. Qc6 Bb4 25. Rc2 Qd8 26. g4 Ng7 27. Qb7 h5 28. Kg2
hxg4 29. hxg4 Qh4 30. Be2 Nf5 31. Qa7 Kg7 32. Bf3 Rh8 33. Kg1 g5 34. Rc7 Rf8
35. Bh2 Be1 36. Rc2 Rc8 37. Re2 Bxf2+ 38. Rxf2 Rc1+ 39. Rf1 Rc2 40. Bg2 Qxg4
41. Rf2 Rc1+ 42. Rf1 Rxf1+ 43. Kxf1 Qd1+ 44. Kf2 Qd2+ 45. Kg1 Nh4 46. Bh3 Nf3+
47. Kf1 Qe1+ 48. Kg2 Nh4# 0-1

[Event "SERBIA CHESS OPEN 2021 - MASTERS"]
[Site "Belgrade, Hotel Metropol"]
[Date "2021.07.02"]
[Round "1.74"]
[White "Shpanko, Nadiia"]
[Black "Zarubitski, Viachaslau"]
[Result "0-1"]
[WhiteElo "2203"]
[BlackElo "2426"]
[PlyCount "116"]
[EventDate "2021.??.??"]

1. e4 c5 2. Nf3 Nc6 3. c3 Nf6 4. e5 Nd5 5. d4 cxd4 6. cxd4 d6 7. Bc4 dxe5 8.
dxe5 Ndb4 9. Qxd8+ Nxd8 10. Na3 Be6 11. Bb5+ Ndc6 12. Bd2 O-O-O 13. O-O Bd5 14.
Rfd1 e6 15. Bg5 Bxf3 16. Rxd8+ Nxd8 17. gxf3 Ndc6 18. Rd1 h6 19. Bf4 Nd5 20.
Bd2 Nxe5 21. Kg2 Bxa3 22. bxa3 Rd8 23. Rc1+ Kb8 24. Rb1 Rd6 25. Be2 Rc6 26. Rd1
Rc2 27. f4 Nc6 28. f5 Rxa2 29. Bh5 Rxd2 30. Rxd2 Nf4+ 31. Kf1 Nxh5 32. fxe6
fxe6 33. Rd6 e5 34. Rd7 a5 35. a4 Ka7 36. Rf7 Ka6 37. Rc7 Kb6 38. Rf7 g6 39.
Rh7 Nf4 40. Rxh6 Nb4 41. Rh7 Nbd3 42. Re7 Kc6 43. Re8 Kc5 44. Rb8 b6 45. h4 Nb2
46. Re8 Kd4 47. Rd8+ Ke4 48. Rc8 Kf5 49. Rf8+ Ke6 50. Re8+ Kd6 51. Rd8+ Ke7 52.
Rc8 Nxa4 53. Rc6 Ne6 54. Ke1 Kd7 55. Rc4 Nac5 56. Rg4 Nf4 57. Kd2 Kd6 58. Kc3
Kd5 0-1

[Event "SERBIA CHESS OPEN 2021 - MASTERS"]
[Site "Belgrade, Hotel Metropol"]
[Date "2021.07.02"]
[Round "1.75"]
[White "Perunovic, Miodrag"]
[Black "Jandric, Damjan"]
[Result "1/2-1/2"]
[WhiteElo "2425"]
[BlackElo "2202"]
[PlyCount "76"]
[EventDate "2021.??.??"]

1. e4 c5 2. Nc3 d6 3. d4 cxd4 4. Qxd4 a6 5. b3 Nc6 6. Qd2 g6 7. Bb2 Bh6 8. f4
Nf6 9. O-O-O O-O 10. Kb1 a5 11. Bb5 Bg4 12. Nge2 Na7 13. Bd3 b5 14. h3 Bd7 15.
g4 b4 16. Nd5 Nxd5 17. exd5 Qb6 18. Rhe1 a4 19. Nd4 axb3 20. Rxe7 bxa2+ 21. Ka1
Bg7 22. Bc4 Ba4 23. f5 Rfe8 24. Rxe8+ Bxe8 25. Rf1 Qc5 26. Bb3 Bb5 27. Rf2 Be5
28. h4 Bc4 29. h5 Nb5 30. fxg6 fxg6 31. Rf4 Nxd4 32. Bxd4 Bxb3 33. hxg6 Bxd4+
34. Rxd4 Qc3+ 35. Qxc3 bxc3 36. gxh7+ Kxh7 37. cxb3 Ra3 38. Rc4 Rxb3 1/2-1/2

[Event "SERBIA CHESS OPEN 2021 - MASTERS"]
[Site "Belgrade, Hotel Metropol"]
[Date "2021.07.02"]
[Round "1.76"]
[White "Mijatovic, Dusan"]
[Black "Stankovic, Milos"]
[Result "1/2-1/2"]
[WhiteElo "2202"]
[BlackElo "2421"]
[PlyCount "45"]
[EventDate "2021.??.??"]

1. e4 c5 2. Nf3 d6 3. d4 cxd4 4. Nxd4 Nf6 5. Nc3 Nc6 6. Bg5 Bd7 7. Qd2 Rc8 8.
O-O-O Nxd4 9. Qxd4 Qa5 10. f4 Rxc3 11. bxc3 e5 12. Qb4 Qxb4 13. cxb4 Nxe4 14.
Bh4 g5 15. fxg5 Be7 16. Re1 Nxg5 17. Bc4 f5 18. Rhf1 Rf8 19. Bd5 Bc6 20. c4
Bxd5 21. cxd5 Ne4 22. Bxe7 Kxe7 23. Kb2 1/2-1/2

[Event "SERBIA CHESS OPEN 2021 - MASTERS"]
[Site "Belgrade, Hotel Metropol"]
[Date "2021.07.02"]
[Round "1.77"]
[White "Polschikov, Alexey"]
[Black "Toncheva, Nadya"]
[Result "1-0"]
[WhiteElo "2420"]
[BlackElo "2201"]
[PlyCount "79"]
[EventDate "2021.??.??"]

1. Nf3 Nf6 2. c4 c5 3. d4 cxd4 4. Nxd4 Nc6 5. Nc3 g6 6. e4 Bg7 7. Be3 O-O 8.
Be2 d6 9. O-O Nxd4 10. Bxd4 Bd7 11. Qd3 a5 12. b3 Bc6 13. Rfd1 Nd7 14. Bxg7
Kxg7 15. Bg4 Ne5 16. Qd4 Kg8 17. Bh3 g5 18. f3 Qb8 19. Kh1 Kh8 20. Rac1 Qa7 21.
Qd2 Rg8 22. Nd5 Bxd5 23. exd5 Qc5 24. Bf5 b6 25. Rc3 a4 26. f4 gxf4 27. b4 Qc7
28. Qxf4 Rg7 29. Rcc1 Rag8 30. Bh3 Qb7 31. Rc3 Ng6 32. Qd4 Re8 33. Rg3 Kg8 34.
Rxg6 hxg6 35. Qh4 Kf8 36. Qh8+ Rg8 37. Qh6+ Rg7 38. Be6 Rc8 39. Rf1 Kg8 40.
Rxf7 1-0

[Event "SERBIA CHESS OPEN 2021 - MASTERS"]
[Site "Belgrade, Hotel Metropol"]
[Date "2021.07.02"]
[Round "1.78"]
[White "Vulinovic, Radivoje"]
[Black "Maksimovic, Bojan"]
[Result "0-1"]
[WhiteElo "2201"]
[BlackElo "2418"]
[PlyCount "100"]
[EventDate "2021.??.??"]

1. Nf3 Nf6 2. g3 g6 3. Bg2 Bg7 4. d4 O-O 5. O-O d6 6. c4 Nbd7 7. Nc3 e5 8. h3
Re8 9. e4 exd4 10. Nxd4 a6 11. Be3 Rb8 12. Re1 c5 13. Nc2 Ne5 14. b3 b5 15. f4
Ned7 16. cxb5 axb5 17. Bf2 b4 18. Na4 Bb7 19. e5 dxe5 20. Bxb7 Rxb7 21. fxe5
Nxe5 22. Qxd8 Nf3+ 23. Kf1 Rxd8 24. Red1 Nd2+ 25. Kg2 Nfe4 26. Rab1 Rbd7 27.
Bxc5 Nc3 28. Nxc3 bxc3 29. b4 f5 30. Bf2 Ra8 31. a3 Rd5 32. Ra1 Ra4 33. Re1 Ne4
34. Rad1 Rd2 35. Rxd2 cxd2 36. Rd1 Bb2 37. Be3 Bc1 38. Kf3 Kf7 39. Rxc1 dxc1=Q
40. Bxc1 Ke6 41. Ne3 Ng5+ 42. Kg2 Ra8 43. b5 Ne4 44. Kf3 Nd6 45. g4 fxg4+ 46.
hxg4 Nxb5 47. Kf4 Nxa3 48. Kg5 Nc4 49. Kh6 Nxe3 50. Bxe3 Ra4 0-1

[Event "SERBIA CHESS OPEN 2021 - MASTERS"]
[Site "Belgrade, Hotel Metropol"]
[Date "2021.07.02"]
[Round "1.79"]
[White "Milanovic, Danilo"]
[Black "Mehmed, Elif"]
[Result "1-0"]
[WhiteElo "2416"]
[BlackElo "2199"]
[PlyCount "95"]
[EventDate "2021.??.??"]

1. d4 Nf6 2. c4 e6 3. Nc3 Bb4 4. e3 O-O 5. Bd3 c5 6. Nf3 d5 7. O-O cxd4 8. exd4
dxc4 9. Bxc4 b6 10. Bg5 Bb7 11. Qe2 Be7 12. Rad1 Re8 13. Rfe1 Nd5 14. Bc1 a6
15. Ne5 Bf6 16. Ne4 b5 17. Bd3 Nc6 18. Bb1 Rc8 19. Nxf7 Kxf7 20. Qh5+ Ke7 21.
Ng5 Bxg5 22. Bxg5+ Nf6 23. Qxh7 Kf8 24. Qh4 Nb4 25. Bg6 Qd5 26. f3 Ke7 27. Re5
Rh8 28. Qe1 Qd6 29. Bf5 Bd5 30. Bf4 Kf7 31. Bg6+ Kg8 32. Bg3 Nc6 33. Re3 Qd7
34. Be5 Ne7 35. Bb1 Kf7 36. Qg3 Rh5 37. Qf4 Nf5 38. Ree1 Rh4 39. g4 Re8 40. Rc1
Rc8 41. Rxc8 Qxc8 42. Rc1 Qf8 43. Bxf5 exf5 44. Bxf6 gxf6 45. Rc7+ Kg8 46. Qxf5
Bb7 47. Qg6+ Kh8 48. Rf7 1-0

[Event "SERBIA CHESS OPEN 2021 - MASTERS"]
[Site "Belgrade, Hotel Metropol"]
[Date "2021.07.02"]
[Round "1.80"]
[White "Pavlov, Mark"]
[Black "Abergel, Thal"]
[Result "1/2-1/2"]
[WhiteElo "2195"]
[BlackElo "2414"]
[PlyCount "83"]
[EventDate "2021.??.??"]

1. d4 Nf6 2. Nf3 e6 3. e3 b6 4. Bd3 Bb7 5. O-O Be7 6. c4 c5 7. Nc3 cxd4 8. exd4
d5 9. cxd5 Nxd5 10. Ne5 O-O 11. Qg4 f5 12. Qe2 Nc7 13. Rd1 Nc6 14. Nxc6 Bxc6
15. Bc4 Rf6 16. Bg5 Rf7 17. Bf4 Bd6 18. d5 exd5 19. Nxd5 Nxd5 20. Bxd5 Bxd5 21.
Rxd5 Qe7 22. Qxe7 Bxe7 23. Rad1 Rc8 24. Kf1 g5 25. Be5 g4 26. Rd7 Bg5 27. Bc3
Rc7 28. Rxc7 Rxc7 29. Rd5 Rf7 30. Ke2 h6 31. Kd3 Kh7 32. Be5 Kg6 33. Rd6+ Kh5
34. Kd4 f4 35. Ke4 f3 36. g3 Rf8 37. b4 b5 38. Rd5 a6 39. Rd6 Rc8 40. Kf5 Rf8+
41. Ke4 Rc8 42. Kf5 1/2-1/2

[Event "SERBIA CHESS OPEN 2021 - MASTERS"]
[Site "Belgrade, Hotel Metropol"]
[Date "2021.07.02"]
[Round "1.81"]
[White "Agibileg, Uurtsaikh"]
[Black "Karaoglan, Kivanc"]
[Result "1-0"]
[WhiteElo "2413"]
[BlackElo "2192"]
[PlyCount "59"]
[EventDate "2021.??.??"]

1. d4 Nf6 2. c4 e6 3. Nc3 Bb4 4. f3 c5 5. d5 O-O 6. e4 b5 7. Bd2 bxc4 8. Bxc4
Ba6 9. b3 exd5 10. Nxd5 Bxc4 11. bxc4 Nxd5 12. cxd5 Qg5 13. Bxb4 Qxg2 14. Bxc5
Qxh1 15. Qe2 d6 16. Kd2 dxc5 17. Re1 Nd7 18. Nh3 Qxe1+ 19. Qxe1 c4 20. Kc3 Rac8
21. Nf4 Nc5 22. Nh5 Na4+ 23. Kb4 Nb2 24. Qg1 g6 25. Nf6+ Kg7 26. Qd4 c3 27.
Ne8+ Kh6 28. Qg7+ Kg5 29. Qf6+ Kh5 30. Ng7+ 1-0